| 000 | 00906nam a22002177a 4500 | ||
|---|---|---|---|
| 999 |
_c12968 _d12968 |
||
| 003 | AR-CdUCM | ||
| 008 | 190410b ||||| |||| 00| 0 spa d | ||
| 040 |
_aMUNICIPALIDAD PROVINCIAL DEL CUSCO _cBIBLIOTECA MUNICIPAL DEL CUSCO |
||
| 082 |
_aC / 869.554 / _bM28 |
||
| 100 |
_aMatto de Turner, Clorinda _9719 |
||
| 245 |
_aTradiciones cusqueñas : _bleyendas, biografías y hojas sueltas / |
||
| 260 |
_aCusco : _bMunicipalidad del Cusco, _c1997. |
||
| 300 |
_a300 páginas ; _c21 cm. |
||
| 505 | _aContenido: Tambo montero -- Mazorca de trigo -- Lo que costo un recibimiento -- El que manda , manda -- Vaya un decreto -- Treinta y nueve onzas de oro por cinco zedas y una sandia ... | ||
| 650 |
_aLiteratura peruana _9169 |
||
| 650 |
_aTradiciones cusqueñas _931110 |
||
| 650 |
_aLeyendas peruanas _931111 |
||
| 710 |
_aMunicipalidad del Cusco _9876 |
||
| 942 |
_2ddc _cLIBROS |
||
| 945 |
_aacv _d2019-04-10 |
||